00201nam a22000977a 4500003000400000082001700004100002000021245002600041260002800067300000800095SGT a746.92bT16P aPROCTER, HENRY  aTEXT BOOK OF TANNING  aINDIA bABHISHEK c2016 a313